| 000 | 00539nam a2200169Ia 4500 | ||
|---|---|---|---|
| 003 | SISC | ||
| 005 | 20191118091838.0 | ||
| 008 | 180305s9999 xx 000 0 und d | ||
| 020 | _a9781284090659 | ||
| 100 | _aJang, Michael | ||
| 245 |
_cMichael Jang, Ric Messier _aSecurity Strategies in Linux Platforms and Applications / |
||
| 250 | _a2nd ed. | ||
| 260 |
_aQuezon City _bMaxCor Pub. Inc. _c2017 |
||
| 300 | _aiii, 514 Pages | ||
| 440 | _aJones & Bartlett Learning Information systems security & assurance series. | ||
| 942 |
_2lcc _cBK |
||
| 999 |
_c356080 _d356080 |
||